Statistics for Major Cities on the Danube on a Map

Click here to take the quiz!

General Stats

  • This quiz has been taken 230 times
  • The average score is 7 of 13

Answers on the Map

Answers color-coded by a green-red scale on the quiz's map according to % correct below.
 

Answer Stats

PopulationCity% Correct
~ 1,9 MioVienna
100%
~ 1,7 MioBudapest
97%
~ 1,3 MioBelgrade
91%
~ 440 000Bratislava
87%
~ 210 000Linz
60%
~ 340 000Novi Sad
53%
~ 130 000Ulm
35%
~ 150 000Regensburg
31%
~ 130 000Györ
30%
~ 140 000Ruse
24%
~ 140 000Ingolstadt
23%
~ 250 000Galati
22%
~ 180 000Braila
16%

Score Distribution

Percentile by Number Answered

Percent of People with Each Score

Your Score History

You have not taken this quiz